Test de Mémoire Visuelle - Pays sur une Carte du Monde - Statistiques

Statistiques générales
  • Ce quiz a été pris 61 110 fois
  • Le résultat moyen est 8 sur 15
Réponses sur la Carte
Les réponses sont colorées sur une échelle allant du rouge au vert en fonction du pourcentage des utilisateurs qui les ont devinées à leur premier essai. Vous pouvez retrouver ces pourcentages ci-dessous.
 
Statistiques - réponses
Pays % Correct
États-Unis
97%
Canada
96%
Russie
95%
France
91%
Brésil
89%
Mexique
87%
Chine
84%
Danemark
82%
Australie
81%
Argentine
79%
Espagne
78%
Chili
77%
Inde
76%
Royaume-Uni
75%
Allemagne
73%
Italie
73%
Norvège
72%
Suède
72%
Algérie
71%
Pérou
70%
Islande
69%
Portugal
69%
Maroc
68%
Afrique du Sud
67%
Indonésie
67%
Colombie
66%
Bolivie
65%
Irlande
65%
Venezuela
64%
Finlande
63%
Mongolie
63%
Japon
62%
Paraguay
62%
RD du Congo
61%
Kazakhstan
60%
Pologne
60%
Suisse
60%
Turquie
60%
Uruguay
60%
Belgique
59%
Équateur
59%
Ukraine
58%
Libye
57%
Autriche
56%
Mali
56%
Arabie Saoudite
55%
Bahamas
55%
Égypte
55%
Pays-Bas
55%
Cap-Vert
54%
Nouvelle-Zélande
54%
Madagascar
53%
Soudan
53%
Cuba
52%
Guyana
52%
Lituanie
52%
Mauritanie
52%
République Tchèque
52%
Suriname
52%
Biélorussie
51%
Grèce
51%
Pakistan
51%
Iran
50%
Kiribati
50%
Lettonie
50%
Niger
50%
Papouasie-Nouvelle-Guinée
50%
Viêt Nam
50%
Croatie
49%
Estonie
49%
Philippines
49%
Roumanie
49%
Tchad
49%
Thaïlande
49%
Tunisie
49%
Corée du Sud
48%
Hongrie
48%
Slovaquie
48%
Guatemala
47%
Honduras
47%
Sénégal
47%
Angola
46%
Corée du Nord
46%
Malaisie
46%
Namibie
46%
Népal
46%
Nigeria
46%
Serbie
46%
États Fédérés de Micronésie
45%
Panama
45%
Somalie
45%
Birmanie
44%
Éthiopie
44%
Laos
44%
Maldives
44%
Mozambique
44%
Nicaragua
44%
Bulgarie
43%
Irak
43%
Maurice
42%
Yémen
42%
Bosnie-Herzégovine
41%
Cambodge
41%
République Dominicaine
41%
Sri Lanka
41%
Tanzanie
41%
Afghanistan
40%
Côte d'Ivoire
40%
Ghana
40%
Oman
40%
Ouzbékistan
40%
République Centrafricaine
40%
République du Congo
40%
Soudan du Sud
40%
Bangladesh
39%
Botswana
39%
Cameroun
39%
Seychelles
39%
Bénin
38%
Fidji
38%
Guinée
38%
Kenya
38%
Moldavie
38%
Turkménistan
38%
Comores
37%
Lesotho
37%
Sao Tomé-et-Principe
37%
Syrie
37%
Zambie
36%
Zimbabwe
36%
Bhoutan
35%
Burkina Faso
35%
Kirghizistan
35%
Tadjikistan
35%
Gabon
34%
Îles Marshall
34%
Jordanie
34%
Émirats Arabes Unis
33%
Érythrée
33%
Géorgie
33%
Liberia
33%
Ouganda
33%
Samoa
33%
Sierra Leone
33%
Azerbaïdjan
32%
Îles Salomon
32%
Palaos
32%
Malawi
31%
Tuvalu
31%
Vanuatu
31%
Nauru
30%
Taïwan
30%
Tonga
30%
Arménie
28%
Aucun quiz correspondant
Distribution des résultats
% des personnes avec chaque résultat
Percentile par nombre de réponses
Votre historique - résultats
Vous n’avez pas pris ce quiz